Asha Banks songs/chansons - Statistics

General Stats
  • This quiz has been taken 56 times
    55 since last reset
  • The average score is 7 of 11
Answers on the Grid
Answers color-coded by a green-red scale on the quiz's grid according to % correct below.
Style
So Green
So Blue
That's so true
Mascara Tears
Feel the Rush
Birds Dont Sing
Silverlines
Opening Time
Sinking Sweet
Done is Done
Ordinary
Too Well
Freeze
Sinking Salty
Free
River Lea
Half-Build Bridge
Drama
Touch
All My Love
Shiver
Saltwound
Forever With Me
Roses
Done isn't Done
Closing Time
Rush
 
Answer Stats
Answer % Correct
So Green
96%
Feel the Rush
89%
Mascara Tears
78%
Shiver
78%
Closing Time
67%
Freeze
67%
Silverlines
67%
Half-Build Bridge
56%
Saltwound
56%
Done is Done
41%
Sinking Sweet
37%
No matching quizzes found
Score Distribution
Percent of People with Each Score
Percentile by Number Answered
Your Score History
You have not taken this quiz since the last reset